000 00742nam a2200193 a 4500
001 000036600
005 20200930075824.0
008 120123s1987 sp a 000 0 spa d
040 _aDO-SdBNP
_bspa
_cBNPHU
100 1 _aIyer, Patricia W.
_962880
245 1 0 _aProceso de enfermería y diagnóstico de enfermería /
_cPatricia W. Iyer, Barbara J. Taptich, Donna Bernocchi-Losey ; traducción Andrés Sánchez del Río.
260 _aMadrid :
_bEmalsa Interamericana,
_c1987.
300 _axv, 324 p. :
_bil. ;
_c24 cm.
650 2 4 _aEnfermería
_92342
650 2 4 _aDiagnóstico de enfermería
_962881
700 1 _aTaptich, Barbara J.
_962882
700 1 _aBernocchi-Losey, Donna
_962883
700 1 _aSánchez del Río, Andrés,
_etrad.
_962884
999 _c36091
_d36091